|
|
|
|
| LEADER |
00000nam a2200000 a 4500 |
| 003 |
Ucuenca |
| 005 |
20230308185506.0 |
| 008 |
006092|1999 ec |||||r|||||||||||spa|| |
| 020 |
|
|
|a 9972831019
|
| 040 |
|
|
|b spa
|
| 041 |
0 |
|
|a spa
|
| 082 |
0 |
|
|a 631.584
|
| 110 |
2 |
|
|a Asociación Latinoamericana de Odontopediatria.
|g ALOP
|9 209547
|
| 245 |
|
3 |
|a El grupo Chorlaví:
|b un sistema de información para el relacionamiento en agricultura y desarrollo rural sostenibles
|c Manuel Chiriboga, Maarten Boers, Pim Verhallen, Henk de Zeeuw
|h imp
|
| 264 |
|
|
|a Chorlaví
|b ETC
|c 1999
|
| 300 |
|
|
|a 242 páginas:
|b ilu
|c 21 cm
|
| 505 |
0 |
|
|a Agricultura sostenible en América Latina,visión de contexto.-- El concepto de agricultura sostenible.-- Resumen de la memoria del Seminario de agricultura sostenible en América Latina y el Caribe
|
| 650 |
|
|
|9 1206
|a Agricultura
|
| 650 |
|
|
|9 48325
|a Desarrollo local
|
| 650 |
|
|
|9 85
|a Desarrollo rural
|
| 852 |
|
|
|a UC-YANUNCAY
|f Donación
|l 1
|m General
|p 20060925
|q 10.00
|r 2
|t 3466
|b 0
|d CDRY
|e CDRY
|g 631.584 SALA 1 AGROPECUARIAS
|z 2006-60-92
|
| 942 |
|
|
|c BK
|z diana.leon@ucuenca.edu.ec
|
| 999 |
|
|
|c 69666
|d 69666
|